00261 a2200121 4500001000700000020000600007040001100013100002500024240003600049245003100085362000900116440001400125180323 a  cMagnum aPinto, Jose Pimentel10aDona baratinha da silva solpor10aDona baratinha da silva so0 a1899 1aDo Brasil